000
00265nam a2200085Ia 4500
245
0
_a
Fast fit : easy pattern alterations for every figure
100
_a
Betzina, Sandra Newtown, CT, [c.2003]
_9
85065
942
_c
BK
008
210817s9999 xx 000 0 und d
999
_c
316071
_d
316070